| 000 | 01130cam a22003134a 4500 | ||
|---|---|---|---|
| 001 | 13885070 | ||
| 003 | 0-13-021626-7 | ||
| 005 | 20211011110415.0 | ||
| 008 | 050228s2006 njua b 001 0 eng | ||
| 010 | _a 2005045876 | ||
| 020 | _a0130216267 | ||
| 038 | _akhadija | ||
| 040 |
_aDLC _cDLC _dDLC |
||
| 042 | _apcc | ||
| 050 | 0 | 0 |
_aTA455.P5 _bS74 2006 |
| 082 | 0 | 0 |
_a620.1923 _222 _bSTR |
| 100 | 1 |
_aStrong, A. Brent. _935926 |
|
| 245 | 1 | 0 |
_aPlastics materials and processing _cA. Brent Strong. |
| 250 | _a2nd ed. | ||
| 260 |
_aUpper Saddle River, NJ : _bPearson Prentice Hall, _c2006. |
||
| 300 |
_axvi, 917 p. : _bill. ; _c24 cm. |
||
| 500 | _aHardcover. | ||
| 504 | _aIncludes bibliographical references and index. | ||
| 563 | _aHardcover | ||
| 650 | 0 |
_aPlastics. _935927 |
|
| 906 |
_a7 _bcbc _corignew _d1 _eocip _f20 _gy-gencatlg |
||
| 942 |
_2ddc _cBK _h620.1923 |
||
| 999 |
_c31619 _d31619 |
||